<?xml version="1.0" encoding="UTF-8"?>
<record
    xmlns:xsi="http://www.w3.org/2001/XMLSchema-instance"
    xsi:schemaLocation="http://www.loc.gov/MARC21/slim http://www.loc.gov/standards/marcxml/schema/MARC21slim.xsd"
    xmlns="http://www.loc.gov/MARC21/slim">

  <leader>00795nam a2200229 a 4500</leader>
  <controlfield tag="001">48425</controlfield>
  <controlfield tag="003">BD-RjUL</controlfield>
  <controlfield tag="005">20211209054525.0</controlfield>
  <controlfield tag="008">160814s1984    BG ||||| |||| 00| 0 ben d</controlfield>
  <datafield tag="020" ind1=" " ind2=" ">
    <subfield code="c">:TK. 15.00</subfield>
  </datafield>
  <datafield tag="035" ind1=" " ind2=" ">
    <subfield code="a">(BD-RjUL)48544</subfield>
  </datafield>
  <datafield tag="040" ind1=" " ind2=" ">
    <subfield code="a">BD-RjUL</subfield>
    <subfield code="b">ben</subfield>
    <subfield code="c">BD-RjUL</subfield>
  </datafield>
  <datafield tag="041" ind1=" " ind2=" ">
    <subfield code="a">ben</subfield>
  </datafield>
  <datafield tag="082" ind1=" " ind2=" ">
    <subfield code="2">23</subfield>
    <subfield code="a">891.441</subfield>
    <subfield code="b">ATE 1984</subfield>
  </datafield>
  <datafield tag="100" ind1="1" ind2=" ">
    <subfield code="a">&#x986;&#x9A4;&#x9C0;&#x995;&#x9C1;&#x9B2;&#x9CD;&#x9B2;&#x9BE;&#x9B9;, &#x9B8;&#x9BE;&#x987;&#x9AF;&#x9BC;&#x9BF;&#x9A6; </subfield>
    <subfield code="9">146439</subfield>
  </datafield>
  <datafield tag="245" ind1="1" ind2="0">
    <subfield code="a">&#x98F;&#x987; &#x9AF;&#x9C7; &#x9A4;&#x9C1;&#x9AE;&#x9C1;&#x9B2; &#x9AC;&#x9C3;&#x9B7;&#x9CD;&#x99F;&#x9BF; / </subfield>
    <subfield code="c">&#x9B8;&#x9BE;&#x987;&#x9AF;&#x9BC;&#x9BF;&#x9A6; &#x986;&#x9A4;&#x9C0;&#x995;&#x9C1;&#x9B2;&#x9CD;&#x9B2;&#x9BE;&#x9B9;</subfield>
  </datafield>
  <datafield tag="260" ind1=" " ind2=" ">
    <subfield code="a">&#x9A2;&#x9BE;&#x995;&#x9BE; : </subfield>
    <subfield code="b">&#x9B2;&#x9C7;&#x996;&#x995; &#x9AA;&#x9CD;&#x9B0;&#x995;&#x9BE;&#x9B6;&#x9A8;&#x9C0;, </subfield>
    <subfield code="c">&#x9E7;&#x9EF;&#x9EE;&#x9EA;</subfield>
  </datafield>
  <datafield tag="300" ind1=" " ind2=" ">
    <subfield code="a">&#x9EB;&#x9EC; &#x9AA;&#x9C3; ; </subfield>
    <subfield code="c">&#x9E8;&#x9E7; &#x9B8;&#x9C7;&#x9AE;&#x9BF;.</subfield>
  </datafield>
  <datafield tag="650" ind1=" " ind2=" ">
    <subfield code="a">&#x9AC;&#x9BE;&#x982;&#x9B2;&#x9BE; </subfield>
    <subfield code="v">&#x995;&#x9AC;&#x9BF;&#x9A4;&#x9BE;</subfield>
    <subfield code="9">146440</subfield>
  </datafield>
  <datafield tag="650" ind1=" " ind2=" ">
    <subfield code="a">Bengali </subfield>
    <subfield code="v">Poetry</subfield>
    <subfield code="9">146441</subfield>
  </datafield>
  <datafield tag="942" ind1=" " ind2=" ">
    <subfield code="2">ddc</subfield>
    <subfield code="c">BK</subfield>
  </datafield>
  <datafield tag="999" ind1=" " ind2=" ">
    <subfield code="c">48425</subfield>
    <subfield code="d">48425</subfield>
  </datafield>
  <datafield tag="952" ind1=" " ind2=" ">
    <subfield code="0">0</subfield>
    <subfield code="1">0</subfield>
    <subfield code="2">ddc</subfield>
    <subfield code="4">0</subfield>
    <subfield code="7">0</subfield>
    <subfield code="8">NFIC</subfield>
    <subfield code="a">RUCL</subfield>
    <subfield code="b">RUCL</subfield>
    <subfield code="c">Stack</subfield>
    <subfield code="d">1984-04-08</subfield>
    <subfield code="e">Books  p. Dhaka</subfield>
    <subfield code="g">15.00</subfield>
    <subfield code="l">0</subfield>
    <subfield code="o">B 891.441 ATE 1984</subfield>
    <subfield code="r">2016-08-14 00:00:00</subfield>
    <subfield code="t">C-2</subfield>
    <subfield code="w">2016-08-14</subfield>
    <subfield code="y">BK</subfield>
  </datafield>
  <datafield tag="952" ind1=" " ind2=" ">
    <subfield code="0">0</subfield>
    <subfield code="1">0</subfield>
    <subfield code="2">ddc</subfield>
    <subfield code="4">0</subfield>
    <subfield code="7">0</subfield>
    <subfield code="8">NFIC</subfield>
    <subfield code="a">RUCL</subfield>
    <subfield code="b">RUCL</subfield>
    <subfield code="c">Stack</subfield>
    <subfield code="d">1984-04-08</subfield>
    <subfield code="e">Books  p. Dhaka</subfield>
    <subfield code="g">15.00</subfield>
    <subfield code="l">0</subfield>
    <subfield code="o">B 891.441 ATE 1984</subfield>
    <subfield code="r">2016-08-14 00:00:00</subfield>
    <subfield code="t">C-3</subfield>
    <subfield code="w">2016-08-14</subfield>
    <subfield code="y">BK</subfield>
  </datafield>
</record>
